Novels by Charles Dickens - Statistics

General Stats
  • This quiz has been taken 171 times
  • The average score is 10 of 15
Answer Stats
Date Book % Correct
1860 Great Expectations
93%
1837 Oliver Twist
91%
1859 A Tale of Two Cities
87%
1849 David Copperfield
79%
1838 Nicholas Nickleby
74%
1836 The Pickwick Papers
71%
1852 Bleak House
69%
1840 The Old Curiosity Shop
63%
1854 Hard Times
62%
1870 The Mystery of Edwin Drood
60%
1855 Little Dorrit
59%
1843 Martin Chuzzlewit
59%
1841 Barnaby Rudge
47%
1846 Dombey and Son
46%
1864 Our Mutual Friend
38%
No matching quizzes found
Score Distribution
Percent of People with Each Score
Percentile by Number Answered
Your Score History
You have not taken this quiz